[Event "Maidenhead op"]
[Site "Maidenhead"]
[Date "2019.08.26"]
[Round "5"]
[White "Peters, Stephen G"]
[Black "Borland, Scott"]
[Result "1-0"]
[WhiteElo "2027"]
[BlackElo "1782"]
[PlyCount "59"]
[EventDate "2019.08.24"]
[EventType "swiss"]
[EventRounds "6"]
[EventCountry "ENG"]
[SourceTitle "EXT 2020"]
[Source "ChessBase"]
[SourceDate "2019.10.17"]
[SourceVersion "1"]
[SourceVersionDate "2019.10.17"]
[SourceQuality "1"]

1. d4 d5 2. c4 dxc4 3. Nf3 Nf6 4. e3 e6 5. Bxc4 c5 6. 0-0 a6 7. a4 Nc6 8. Qe2 cxd4 9. Rd1 Qc7 10. exd4 Be7 11. Nc3 0-0 12. Bg5 Nb4 13. Rac1 Qa5 14. Ne5 Nfd5 15. Bxe7 Nxe7 16. Bb3 Qb6 17. Nc4 Qd8 18. Ne3 Qb6 19. d5 exd5 20. Nexd5 Nexd5 21. Bxd5 Bf5 22. Qf3 Qg6 23. Rd4 Nd3 24. Rd1 Rae8 25. h3 Nxb2 26. R1d2 Re1+ 27. Kh2 Bc2 28. Rxc2 Qxc2 29. Bxf7+ Kh8 30. Bg6 1-0

[Event "Crawley e2e4 Gatwick op U1950"]
[Site "Crawley"]
[Date "2016.02.20"]
[Round "3"]
[White "Borland, Scott"]
[Black "Marshall, Chris"]
[Result "1/2-1/2"]
[WhiteElo "1716"]
[BlackElo "1835"]
[PlyCount "81"]
[EventDate "2016.02.19"]
[EventType "swiss"]
[EventRounds "5"]
[EventCountry "ENG"]
[SourceTitle "EXT 2019"]
[Source "ChessBase"]
[SourceDate "2018.10.10"]
[SourceVersion "1"]
[SourceVersionDate "2018.10.10"]
[SourceQuality "1"]

1. d4 Nf6 2. Bg5 h6 3. Bxf6 exf6 4. c4 d5 5. Nc3 dxc4 6. e3 c6 7. Bxc4 Qb6 8. Qb3 Qxb3 9. Bxb3 Be6 10. Bc2 Nd7 11. Nge2 0-0-0 12. 0-0 Bd6 13. Rab1 Nb6 14. a3 Nc4 15. Ne4 Be7 16. Rfd1 f5 17. N4c3 g5 18. Bb3 Nd6 19. d5 cxd5 20. Bxd5 Bf6 21. Rbc1 Kb8 22. Nd4 Bxd4 23. Rxd4 Bxd5 24. Nxd5 Nb5 25. Rdd1 Rd7 26. a4 Rhd8 27. Nc3 Nxc3 28. Rxd7 Rxd7 29. bxc3 Rd2 30. Kf1 Kc7 31. Rb1 Kc6 32. Rb5 Rd5 33. Rb3 b6 34. Ke2 Kc5 35. Rb4 f6 36. h3 h5 37. g3 Kd6 38. f3 Ke6 39. h4 Rd8 40. Rc4 Rd7 41. Rb4 1/2-1/2

[Event "Crawley e2e4 Gatwick op U1950"]
[Site "Crawley"]
[Date "2016.02.20"]
[Round "2"]
[White "Jackson, Gary"]
[Black "Borland, Scott"]
[Result "0-1"]
[WhiteElo "1834"]
[BlackElo "1716"]
[PlyCount "130"]
[EventDate "2016.02.19"]
[EventType "swiss"]
[EventRounds "5"]
[EventCountry "ENG"]
[SourceTitle "EXT 2019"]
[Source "ChessBase"]
[SourceDate "2018.10.10"]
[SourceVersion "1"]
[SourceVersionDate "2018.10.10"]
[SourceQuality "1"]

1. e4 c6 2. d4 d5 3. Nd2 dxe4 4. Nxe4 Bf5 5. Ng3 Bg6 6. Nf3 e6 7. Ne5 Nd7 8. Nxg6 hxg6 9. Bf4 Ngf6 10. Bc4 Nd5 11. Bd2 N7f6 12. Bb3 Bd6 13. Qf3 Qc7 14. c4 Ne7 15. 0-0-0 0-0-0 16. Bg5 Bxg3 17. fxg3 Nf5 18. Bf4 Qb6 19. c5 Qb4 20. a3 Qb5 21. Be5 Nd7 22. Bf4 Nf6 23. Be5 Nd7 24. Qc3 Nxe5 25. dxe5 Qe2 26. Rde1 Qxg2 27. Reg1 Rxh2 28. Rxg2 Rxh1+ 29. Kc2 Nd4+ 30. Qxd4 Rxd4 31. Rf2 Rd7 32. Re2 b6 33. cxb6 axb6 34. Bc4 b5 35. Bb3 c5 36. Kc3 Rc1+ 37. Bc2 Kc7 38. b4 c4 39. Kb2 Rf1 40. a4 Kb6 41. a5+ Ka6 42. Be4 Rd8 43. Kc2 Rg1 44. Re3 g5 45. Bc6 Rc8 46. Be4 f6 47. exf6 gxf6 48. Bf3 e5 49. Bg4 Rd8 50. Rf3 Rg2+ 51. Kc1 Rf8 52. Bf5 Rh8 53. Rf1 Rxg3 54. Be4 Rh6 55. Rd1 Rd3 56. Bxd3 cxd3 57. Rxd3 f5 58. Rd5 Re6 59. Kd2 f4 60. Ke2 g4 61. Kf2 e4 62. Rf5 e3+ 63. Ke1 f3 64. Rf4 Rg6 65. Kf1 e2+ 0-1

[Event "Crawley e2e4 Gatwick op U1950"]
[Site "Crawley"]
[Date "2016.02.19"]
[Round "1"]
[White "Borland, Scott"]
[Black "Lanzer, Robert A"]
[Result "0-1"]
[WhiteElo "1716"]
[BlackElo "1877"]
[PlyCount "54"]
[EventDate "2016.02.19"]
[EventType "swiss"]
[EventRounds "5"]
[EventCountry "ENG"]
[SourceTitle "EXT 2019"]
[Source "ChessBase"]
[SourceDate "2018.10.10"]
[SourceVersion "1"]
[SourceVersionDate "2018.10.10"]
[SourceQuality "1"]

1. d4 Nf6 2. Bg5 e6 3. e4 Be7 4. Nc3 d5 5. e5 Nfd7 6. Bxe7 Qxe7 7. Nf3 a6 8. Be2 c5 9. 0-0 cxd4 10. Qxd4 Nc6 11. Qf4 0-0 12. Rfe1 f6 13. exf6 Rxf6 14. Qg5 h6 15. Qg3 Qf7 16. Rad1 Nc5 17. Bf1 b6 18. a3 Rg6 19. Qd6 Bb7 20. Ne5 Nxe5 21. Qxe5 Rf8 22. Rd2 Rg5 23. Qd6 d4 24. Qxd4 Qf3 25. Re3 Rxg2+ 26. Kh1 Rg1+ 27. Kxg1 Qh1# 0-1

[Event "Hastings Masters op 91st"]
[Site "Hastings"]
[Date "2016.01.05"]
[Round "9"]
[White "Wilson, Matthew R"]
[Black "Borland, Scott"]
[Result "1/2-1/2"]
[WhiteElo "1877"]
[BlackElo "1651"]
[PlyCount "84"]
[EventDate "2015.12.28"]
[EventType "swiss"]
[EventRounds "9"]
[EventCountry "ENG"]
[SourceTitle "EXT 2017"]
[Source "ChessBase"]
[SourceDate "2016.10.25"]
[SourceVersion "1"]
[SourceVersionDate "2016.10.25"]
[SourceQuality "1"]

1. e4 c6 2. d4 d5 3. exd5 cxd5 4. Bd3 Nc6 5. c3 Nf6 6. Bf4 Bg4 7. Qb3 Qd7 8. Nd2 e6 9. Ngf3 Qc8 10. 0-0 Be7 11. Rfe1 0-0 12. Ne5 Bh5 13. Ndf3 Nxe5 14. Nxe5 Bg6 15. Nxg6 hxg6 16. Qd1 Qd7 17. Be5 Qc6 18. Qf3 Nd7 19. Bf4 Bd6 20. Be3 Qc7 21. h4 Nf6 22. Bg5 Be7 23. g3 Rfe8 24. Kg2 Rad8 25. Rh1 Nh5 26. Be3 Bd6 27. Bb5 Re7 28. Bd3 Ree8 29. Bg5 Rc8 30. Rae1 Rf8 31. Rh3 Rce8 32. Qd1 Rb8 33. Be2 Qb6 34. Bc1 Nf6 35. Reh1 Rfc8 36. h5 gxh5 37. Bxh5 Kf8 38. Bf3 Ke7 39. Qe2 Qc6 40. Bg5 Qc4 41. Qc2 Qxa2 42. Qe2 Qc4 1/2-1/2

[Event "Hastings Masters op 91st"]
[Site "Hastings"]
[Date "2016.01.04"]
[Round "8"]
[White "Borland, Scott"]
[Black "Lochte, Thomas"]
[Result "0-1"]
[WhiteElo "1651"]
[BlackElo "2082"]
[PlyCount "62"]
[EventDate "2015.12.28"]
[EventType "swiss"]
[EventRounds "9"]
[EventCountry "ENG"]
[SourceTitle "CBM 170 Extra"]
[Source "ChessBase"]
[SourceDate "2016.02.25"]
[SourceVersion "1"]
[SourceVersionDate "2016.02.25"]
[SourceQuality "1"]

1. d4 Nf6 2. Bg5 c5 3. Bxf6 exf6 4. d5 Qb6 5. Qc1 Be7 6. e4 d6 7. Bd3 0-0 8. Nd2 Nd7 9. Ngf3 Ne5 10. Nxe5 fxe5 11. Nc4 Qc7 12. Ne3 Bg5 13. 0-0 c4 14. Be2 c3 15. b3 f5 16. Bf3 fxe4 17. Bxe4 Rf4 18. Bd3 Qf7 19. Qe1 Bd7 20. Qxc3 e4 21. Be2 Bf6 22. Qe1 Bxa1 23. Qxa1 Rf8 24. Qe1 Qg6 25. c4 Qh6 26. g3 Rxf2 27. Qxf2 Rxf2 28. Kxf2 Qxh2+ 29. Ng2 h5 30. Rg1 e3+ 31. Ke1 Bc8 0-1

[Event "Hastings Masters op 91st"]
[Site "Hastings"]
[Date "2015.12.30"]
[Round "3"]
[White "Borland, Scott"]
[Black "Helbig, Paul"]
[Result "1/2-1/2"]
[WhiteElo "1651"]
[BlackElo "2122"]
[PlyCount "49"]
[EventDate "2015.12.28"]
[EventType "swiss"]
[EventRounds "9"]
[EventCountry "ENG"]
[SourceTitle "CBM 170 Extra"]
[Source "ChessBase"]
[SourceDate "2016.02.25"]
[SourceVersion "1"]
[SourceVersionDate "2016.02.25"]
[SourceQuality "1"]

1. d4 Nf6 2. Bg5 c5 3. Bxf6 gxf6 4. d5 Qb6 5. Qc1 Bh6 6. e3 f5 7. g3 Bg7 8. c3 Qd6 9. Bg2 b5 10. Qc2 Bb7 11. Na3 a6 12. Rd1 Qf6 13. Ne2 h5 14. h4 e5 15. Bh3 e4 16. Nf4 d6 17. Qe2 Bh6 18. Nxb5 axb5 19. Qxb5+ Nd7 20. Qxb7 Rb8 21. Qc6 Bxf4 22. exf4 Rxb2 23. 0-0 Ke7 24. Ra1 Rhb8 25. a4 1/2-1/2